Nutrition education : (Record no. 527527)

000 -LEADER
fixed length control field 02607cam a2200409 i 4500
001 - CONTROL NUMBER
control field 18630990
003 - CONTROL NUMBER IDENTIFIER
control field NUST
005 - DATE AND TIME OF LATEST TRANSACTION
control field 20190730055410.0
008 - FIXED-LENGTH DATA ELEMENTS--GENERAL INFORMATION
fixed length control field 150522s2016 mauab b 001 0 eng
010 ## - LIBRARY OF CONGRESS CONTROL NUMBER
LC control number 2015020543
020 ## - INTERNATIONAL STANDARD BOOK NUMBER
International Standard Book Number 9781284078008 (alk. paper)
035 ## - SYSTEM CONTROL NUMBER
System control number (DNLM)101659395
038 ## - RECORD CONTENT LICENSOR
Staff Name ASAB
040 ## - CATALOGING SOURCE
Transcribing agency ASAB
042 ## - AUTHENTICATION CODE
Authentication code pcc
050 00 - LIBRARY OF CONGRESS CALL NUMBER
Classification number TX364
Item number .C685 2016
060 10 - NATIONAL LIBRARY OF MEDICINE CALL NUMBER
Classification number WB 18
082 00 - DEWEY DECIMAL CLASSIFICATION NUMBER
Classification number 613.2
Edition number 23
100 1# - MAIN ENTRY--PERSONAL NAME
Personal name Contento, Isobel R.,
Relator term author.
9 (RLIN) 18837
245 10 - TITLE STATEMENT
Title Nutrition education :
Remainder of title linking research, theory, and practice /
Statement of responsibility, etc. Isobel R. Contento.
250 ## - EDITION STATEMENT
Edition statement Third edition.
264 #1 - PRODUCTION, PUBLICATION, DISTRIBUTION, MANUFACTURE, AND COPYRIGHT NOTICE
Place of production, publication, distribution, manufacture Burlington, Massachusetts :
Name of producer, publisher, distributor, manufacturer Jones & Bartlett Learning,
Date of production, publication, distribution, manufacture, or copyright notice [2016]
300 ## - PHYSICAL DESCRIPTION
Extent xxiv, 638 pages :
Other physical details color illustrations, color maps ;
Dimensions 28 cm
336 ## - CONTENT TYPE
Content type term text
Source rdacontent
337 ## - MEDIA TYPE
Media type term unmediated
Source rdamedia
338 ## - CARRIER TYPE
Carrier type term volume
Source rdacarrier
504 ## - BIBLIOGRAPHY, ETC. NOTE
Bibliography, etc. note Includes bibliographical references and index.
505 0# - FORMATTED CONTENTS NOTE
Formatted contents note Nutrition education : important, exciting, and necessary for today's complex world -- Determinants of food choice and dietary change : implications for nutrition education -- An overview of nutrition education : facilitating motivation, ability, and support for behavior change -- Increasing awareness and enhancing motivation for behavior change -- Facilitating the ability to change behavior and take action -- Promoting environmental supports for behavior change -- Step 1. Deciding behavior change goals of the intervention based on assessing issues and behaviors of audience -- Step 2. Exploring determinants of intervention behavior change goals -- Step 3. Selecting theory and clarifying intervention philosophy -- Step 4. Indicating objectives : translating behavioral theory into educational objectives -- Step 5. Generating educational plans : a focus on enhancing motivation for behavior change and taking action -- Step 6. Nail down the evaluation plan using the design procedure to promote environmental supports for behavior change -- Delivering nutrition education effectively in group settings -- Media supports and other channels for nutrition education -- Working with diverse age, cultural, and population groups -- Nutrition educators as change agents in the environment.
650 #0 - SUBJECT ADDED ENTRY--TOPICAL TERM
Topical term or geographic name entry element Nutrition
General subdivision Study and teaching.
9 (RLIN) 18838
650 12 - SUBJECT ADDED ENTRY--TOPICAL TERM
Topical term or geographic name entry element Dietetics
General subdivision education.
9 (RLIN) 18839
650 12 - SUBJECT ADDED ENTRY--TOPICAL TERM
Topical term or geographic name entry element Health Education
General subdivision methods.
9 (RLIN) 18840
650 22 - SUBJECT ADDED ENTRY--TOPICAL TERM
Topical term or geographic name entry element Food Habits.
9 (RLIN) 18841
650 22 - SUBJECT ADDED ENTRY--TOPICAL TERM
Topical term or geographic name entry element Health Behavior.
9 (RLIN) 18842
906 ## - LOCAL DATA ELEMENT F, LDF (RLIN)
a 7
b cbc
c orignew
d 1
e ecip
f 20
g y-gencatlg
942 ## - ADDED ENTRY ELEMENTS (KOHA)
Source of classification or shelving scheme
Koha item type Book
Holdings
Withdrawn status Lost status Source of classification or shelving scheme Damaged status Not for loan Permanent Location Current Location Date acquired Total Checkouts Full call number Barcode Date last seen Price effective from Koha item type
          Atta-ur-Rahman School of Applied Biosciences (ASAB) Atta-ur-Rahman School of Applied Biosciences (ASAB) 07/30/2019   613.2 CON ASAB3441 07/30/2019 07/30/2019 Reference
© 2023 Central Library, National University of Sciences and Technology. All Rights Reserved.